Տաճկահայոց հարցի պատմութիւնը : (Record no. 123181)
[ view plain ]
| 000 -LEADER | |
|---|---|
| fixed length control field | 00848nam a2200205 a 4500 |
| 001 - CONTROL NUMBER | |
| control field | 000329378 |
| 003 - CONTROL NUMBER IDENTIFIER | |
| control field | AM-YeHGA |
| 005 - DATE AND TIME OF LATEST TRANSACTION | |
| control field | 20250618072052.0 |
| 008 - FIXED-LENGTH DATA ELEMENTS--GENERAL INFORMATION | |
| fixed length control field | 040421s1915 ai a|||gr|||||||||0|arm|d |
| 040 ## - CATALOGING SOURCE | |
| Original cataloging agency | AM-YeHGA |
| 041 0# - LANGUAGE CODE | |
| Language code of text/sound track or separate title | arm |
| 090 ## - LOCALLY ASSIGNED LC-TYPE CALL NUMBER (OCLC); LOCAL CALL NUMBER (RLIN) | |
| -- | 124535 |
| 100 1# - MAIN ENTRY--PERSONAL NAME | |
| Personal name | Աճառյան, Հրաչյա Հակոբի, |
| Dates associated with a name | 1876-1953 |
| 9 (RLIN) | 65 |
| 245 10 - TITLE STATEMENT | |
| Title | Տաճկահայոց հարցի պատմութիւնը : |
| Remainder of title | (Սկզբից մինչև 1915 թ.) / |
| Statement of responsibility, etc. | Հ. Աճառեան. |
| 260 ## - PUBLICATION, DISTRIBUTION, ETC. | |
| Place of publication, distribution, etc. | Նոր-Նախիջևան : |
| Name of publisher, distributor, etc. | Նոր-Նախիջեւանի փոխանորդ. շրջ. քահանայութ. հրատ. : |
| -- | տպ. Ս.Յ. Աւագեան, |
| Date of publication, distribution, etc. | 1915. |
| 300 ## - PHYSICAL DESCRIPTION | |
| Extent | 79 էջ : |
| Other physical details | դիմանկ. ; |
| Dimensions | 26 սմ. |
| 650 10 - SUBJECT ADDED ENTRY--TOPICAL TERM | |
| Topical term or geographic name entry element | Հայոց պատմություն |
| General subdivision | Հայկական հարց |
| 650 14 - SUBJECT ADDED ENTRY--TOPICAL TERM | |
| Topical term or geographic name entry element | Հայոց ցեղասպանություն (1915-1923) |
| 942 ## - ADDED ENTRY ELEMENTS (KOHA) | |
| Source of classification or shelving scheme | Universal Decimal Classification |
| Koha item type | Գրքեր / Books |
| Withdrawn status | Lost status | Damaged status | Not for loan | Collection | Home library | Current library | Date acquired | Total checkouts | Full call number | Barcode | Date last seen | Cost, replacement price | Price effective from | Koha item type | Public note | Source of classification or shelving scheme |
|---|---|---|---|---|---|---|---|---|---|---|---|---|---|---|---|---|
| General | Fundamental Scientific Library | Fundamental Scientific Library | 22/12/2016 | AIII/87 | FL0045555 | 22/12/2016 | 1.00 | 22/12/2016 | Գրքեր / Books | 30 Days Loan | ||||||
| General | Fundamental Scientific Library | Fundamental Scientific Library | 31/05/2019 | AIII/8878 | FL0584796 | 31/05/2019 | 31/05/2019 | Գրքեր / Books | 30 Days Loan | Universal Decimal Classification | ||||||
| Kusikian Individual Collection | Fundamental Scientific Library | Fundamental Scientific Library | 26/02/2020 | Կուս/266 | FL0622433 | 26/02/2020 | 26/02/2020 | Գրքեր / Books | ILL Non-Circ. | Universal Decimal Classification |
ՀՀ Գիտությունների ազգային ակադեմիայի հիմնարար գիտական գրադարան = Fundamental Scientific Library of NAS RA
All site content, except where otherwise noted, is licensed under a